Wszystkie piosenki Dawida Podsiadły - Statystyki

Ogólne statystyki
  • Ten quiz został rozwiązany 108 razy
  • Średni wynik to 28 z 65
Statystyki odpowiedzi
% Poprawnych
Małomiasteczkowy
92%
mori
89%
Trójkąty i Kwadraty
89%
Pięknie płyniesz
79%
Nie Ma Fal
76%
Pastempomat
76%
Trofea
76%
Nieznajomy
74%
Matylda
73%
W Dobrą Stronę
73%
WiRUS
71%
D I A B L E
69%
millenium
66%
Najnowszy Klip
66%
Dżins
65%
LIS
65%
POST
65%
Szarość i Róż
65%
Nie Kłami
61%
Nie lubię Cię
61%
To co masz Ty!
61%
No
60%
TAZOSy
60%
awejniak
58%
Blant
56%
Halo
53%
O czym śnisz?
52%
Cantate Tutti
48%
Let You Down
47%
Bela
44%
Co Mówimy?
44%
Forest
39%
Elephant
37%
!H.a.p.p.y!
34%
Little Stranger
34%
Block
32%
And I
31%
dobranocpapa
31%
Phantom Liberty
31%
Cashew/161644
27%
Where Did Your Love Go?
27%
Kolce i Róże
26%
Four Sticks
24%
No Part II
24%
S&T
24%
4:30
23%
Bridge
23%
Byrd
23%
Powiedz mi że nie chcesz
23%
Project 19
23%
Tapety
23%
Focus
21%
Son of Analog
21%
Vitane
21%
DBIB
19%
Eight
19%
I'm searching
19%
Sunlight-intro
18%
Lugosi
16%
Goodnight
15%
Vile
15%
Cohle Hart
13%
Ms. Mary McAdams
13%
Nieznajomy 2.0
13%
Barricade me
10%
Nie znaleziono quizów pasujących do podanych kryteriów
Rozkład punktacji
Procent ludzi z każdym wynikiem
Percentyl według liczby udzielonych odpowiedzi
Twoja historia wyników
Nie rozwiązałeś tego quizu